A wizard of Earthsea / (Record no. 4861)
[ view plain ]
| 000 -LEADER | |
|---|---|
| fixed length control field | 00771nam a2200277 a 4500 |
| 001 - CONTROL NUMBER | |
| JCCL Control Number | 4861 |
| 003 - CONTROL NUMBER IDENTIFIER | |
| JCCL marc code | BD-JhCC |
| 005 - DATE AND TIME OF LATEST TRANSACTION | |
| control field | 20220608134021.0 |
| 008 - FIXED-LENGTH DATA ELEMENTS--GENERAL INFORMATION | |
| fixed length control field | 940201r19911968enkb j 000 1 eng d |
| 020 ## - INTERNATIONAL STANDARD BOOK NUMBER | |
| International Standard Book Number | 014015776X |
| 035 ## - SYSTEM CONTROL NUMBER | |
| system control number | (BD-JhCC)4861 |
| 040 ## - CATALOGING SOURCE | |
| Original cataloging agency | BD-JhCC |
| Modifying agency | BD-JhCC |
| 041 ## - LANGUAGE CODE | |
| Language code of Book | eng |
| 082 ## - DEWEY DECIMAL CLASSIFICATION NUMBER | |
| Classification number | 813.54 |
| Author mark and Year | LEG 1991 |
| 100 1# - MAIN ENTRY--PERSONAL NAME | |
| Personal name | Le Guin, Ursula K., |
| Dates associated with a name | 1929- |
| 245 12 - TITLE STATEMENT | |
| Title | A wizard of Earthsea / |
| Statement of responsibility, etc | Ursula K. Le Guin, |
| 260 ## - PUBLICATION, DISTRIBUTION, ETC. (IMPRINT) | |
| Place of publication, distribution, etc | London : |
| Name of publisher, distributor, etc | Roc, |
| Date of publication, distribution, etc | 1991 |
| 300 ## - PHYSICAL DESCRIPTION | |
| Pagination | 200 p. : |
| Other physical details | ill. ; |
| Dimensions | 19 cm |
| 500 ## - GENERAL NOTE | |
| General note | Part 1 of the Earthsea saga |
| 500 ## - GENERAL NOTE | |
| General note | Originally published: Berkeley : Parnassus Press, 1968 |
| 650 ## - SUBJECT ADDED ENTRY--TOPICAL TERM | |
| Topical term or geographic name as entry element | Science fiction |
| 650 ## - SUBJECT ADDED ENTRY--TOPICAL TERM | |
| Topical term or geographic name as entry element | Earthsea (Le Guin, Ursula K.) |
| 650 ## - SUBJECT ADDED ENTRY--TOPICAL TERM | |
| Topical term or geographic name as entry element | Wizards |
| 650 ## - SUBJECT ADDED ENTRY--TOPICAL TERM | |
| Topical term or geographic name as entry element | Fantasy fiction |
| 942 ## - ADDED ENTRY ELEMENTS (KOHA) | |
| Source of classification or shelving scheme | Dewey Decimal Classification |
| Koha item type | Books |
| Koha issues (borrowed), all copies | 1 |
| Source of classification or shelving scheme | Damaged status | Not for loan | Home library | Current library | Shelving location | Date of accession | Source of acquisition | Cost, normal purchase price | Total Checkouts | Full call number | Barcode | Date last seen | Date checked out | Copy number | Koha item type |
|---|---|---|---|---|---|---|---|---|---|---|---|---|---|---|---|
| Dewey Decimal Classification | JCC Rouf Library | JCC Rouf Library | General Stacks | 12/04/2017 | Stowe School Library | 6.00 | 3 | 813.54 LEG 1991 | 6897 | 08/13/2023 | 08/10/2023 | C-1 | Books |